The 'Big 4' Awards (EGOT) Quiz Stats

 Plays Quiz Updated Sep 9, 2018

Score 0/15 Timer 04:00
0 Plays Today
Year Winner % Correct
1994Audrey Hepburn
71.1%
2001Mel Brooks
65.4%
2002Whoopi Goldberg
63.4%
2018Andrew Lloyd Webber
48.8%
2018John Legend
47%
1977Rita Moreno
46.7%
2018Tim Rice
43.1%
2001Mike Nichols
37.3%
Year Winner % Correct
1991Sir John Gielgud
27.7%
2013Robert Lopez
24.5%
1995Marvin Hamlisch
23%
1962Richard Rodgers
19.3%
1976Helen Hayes
14.1%
2012Scott Rudin
13.3%
1997Jonathan Tunick
4.7%

You're not logged in!

Compare scores with friends on all Sporcle quizzes.
OR
Log In

Sporcle TV

Today on Sporcle TV


Watch our educational content, quiz creation guides, and fun videos on Sporcle TV.

Show Comments

Extras

Top Quizzes Today


Score Distribution

Your Account Isn't Verified!

In order to create a playlist on Sporcle, you need to verify the email address you used during registration. Go to your Sporcle Settings to finish the process.

Report this User

Report this user for behavior that violates our Community Guidelines.

Details: